| 000 | 00385nam a2200169Ia 4500 | ||
|---|---|---|---|
| 003 | 0100 | ||
| 008 | 130303s9999 xx 000 0 und d | ||
| 040 | _cARRUPELIB | ||
| 050 | _aJA36.C8 | ||
| 245 | 4 | _aThe great political theories | |
| 260 | _aNY | ||
| 260 | _bAvon Bks. | ||
| 260 | _C1961 | ||
| 300 | _a405p | ||
| 700 | _aed. by Michael Curtis , Curtis, Michael, ed | ||
| 942 | 0 | 0 | _02 |
| 999 |
_c45386 _d45386 |
||